LEADER 01244nas 2200421- 450 001 9910894384703321 005 20210914213022.0 035 $a(OCoLC)853473543 035 $a(CKB)2670000000357221 035 $a(CONSER)--2014256027 035 $a(DE-599)ZDB2673293-2 035 $a(EXLCZ)992670000000357221 100 $a20130722a20129999 --- - 101 0 $ager 135 $aur||||||||||| 181 $ctxt$2rdacontent 182 $cc$2rdamedia 183 $acr$2rdacarrier 200 00$aPerspektive Bibliothek 210 1$aHeidelberg :$cUniversitätsbibliothek Heidelberg. 215 $a1 online resource 311 08$a2194-8992 517 3 $aPB 531 0 $aPerspekt. Bibl. 606 $aLibrary science$vPeriodicals 606 $aInformation science$vPeriodicals 606 $aInformation science$2fast$3(OCoLC)fst00972640 606 $aLibrary science$2fast$3(OCoLC)fst00997916 608 $aPeriodicals.$2fast 615 0$aLibrary science 615 0$aInformation science 615 7$aInformation science. 615 7$aLibrary science. 712 02$aUniversitätsbibliothek Heidelberg, 906 $aJOURNAL 912 $a9910894384703321 996 $aPerspektive Bibliothek$94247419 997 $aUNINA